Aportación documental a la historia social y económica de Extremadura en el siglo XIX / Ramón Pérez Caminero
ISBN:
84-7671-659-1
Descripción Física:
503 p. ; 24 cm
MARC
| LEADER | 00000nam a2200000Ia 4500 | ||
|---|---|---|---|
| 001 | 13545 | ||
| 003 | BGR | ||
| 005 | 20260324175313.0 | ||
| 008 | 160829s2002 xx 000 0 cat d | ||
| 020 | |a 84-7671-659-1 | ||
| 080 | |a H-2-122 | ||
| 100 | |a Pérez Caminero, Ramón |9 25238 | ||
| 245 | |a Aportación documental a la historia social y económica de Extremadura en el siglo XIX / Ramón Pérez Caminero | ||
| 260 | |a Badajoz : |b Archivo Histórico Provincial de Badajoz, |c 2002 | ||
| 300 | |a 503 p. ; |c 24 cm | ||
| 590 | |a Bibliografia | ||
| 650 | |a Extremadura |x Condicions socials |x S. XIX |x Fonts |9 25692 | ||
| 650 | |a Extremadura |x Condicions econòmiques |x S. XIX |x Fonts |9 25693 | ||
| 650 | |a Archivo Histórico Províncial de Badajoz |x Catàlegs |9 44065 | ||
| 710 | 1 | |a Archivo Histórico Provincial de Badajoz |9 70427 | |
| 901 | |a Arxiu | ||
| 942 | |n 1 |2 udc |c MON | ||
| 952 | |0 0 |1 0 |4 0 |6 H2122 |7 1 |9 43741 |a Arxiu |b Arxiu |d 2016-12-01 |l 0 |o H-2-122 |p 13545 |r 2016-12-01 00:00:00 |w 2016-12-01 |y ARXIU | ||
| 999 | |c 46289 |d 46289 | ||